Kadra Chelsea w Premier League 2015/16 - Statystyki

Ogólne statystyki
  • Ten quiz został rozwiązany 41 razy
  • Średni wynik to 14 z 26
Statystyki odpowiedzi
Numer Narodowość Zawodnik % Poprawnych
2 Serbia Branislav Ivanović
87%
10 Belgia Eden Hazard
87%
8 Brazylia Oscar
87%
1 Bośnia Asmir Begović
84%
22 Brazylia Willian
84%
28 Hiszpania Cesar Azpilicueta
82%
26 Anglia John Terry
74%
9 Kolumbia Radamel Falcao
74%
12 Nigeria John Obi Mikel
71%
19 Hiszpania Diego Costa
68%
24 Anglia Gary Cahill
68%
17 Hiszpania Pedro Rodriguez
68%
13 Belgia Thibaut Courtois
68%
14 Burkina Faso Bertrand Traoré
63%
4 Hiszpania Cesc Fabregas
63%
20 Nigeria Victor Moses
55%
5 Francja Kurt Zouma
50%
21 Serbia Nemanja Matić
47%
6 Ghana Abdul Rahman Baba
34%
20 USA Matt Miazga
32%
11 Brazylia Alexandre Pato
21%
18 Francja Loic Remy
21%
36 Anglia Ruben Loftus-Cheek
21%
16 Brazylia Kenedy
16%
27 Anglia Jamal Blackman
5%
32 Włochy Marco Amelia
3%
Nie znaleziono quizów pasujących do podanych kryteriów
Rozkład punktacji
Procent ludzi z każdym wynikiem
Percentyl według liczby udzielonych odpowiedzi
Twoja historia wyników
Nie rozwiązałeś tego quizu